• 首页
  • 本馆介绍
  • 公告通知
  • 最新文献
  • 馆藏检索
  • 电子资源
  • 读者导购
  • 参考咨询
  • 我的图书馆
  • 登录
  • 详细信息显示
  • 放入我的书架
  • 预约/预借图书
  • 作者相关作品
  • 分类相关作品
  • 丛书相关作品
  • 出版社相关作品

书目信息

  • 表格格式
  • 工作单格式
  • 卡片格式
题名:
养鸡使用新技术
    
 
作者: 耿忠堂
分册:  
出版信息:    1996.01
页数: 424页
开本: 19cm
丛书名:
单 册:
中图分类: S831.4
科图分类:
主题词: 家禽
电子资源:
ISBN:
000 00486nam0 2200193 45
001 0308271027
005 20030827105607.6
010    @dRMB14.00
100    @a20030827d1996 km y0chiy0120 ea
101    @achi
105    @a z 000yy
200 1  @a养鸡使用新技术@Ayang ji shi yong xin ji shu@f耿忠堂@Fgeng zhong tang
210    @d1996.01
215    @a424页@c无图表@d19cm
606 0  @a家禽
690    @aS831.4@v3
701  0 @a耿忠堂
801    @aCN@b@c20030827
905    @aBZT@dS831.4@e51
    
    养鸡使用新技术/耿忠堂.-1996.01
    424页:无图表;19cm
    
    
    ISBN :RMB14.00
    
●
相关链接 在五车中查询图书 在当当中查询图书 在豆瓣中查询图书


正题名:养鸡使用新技术     索取号:S831.4/51         预约/预借

序号 登录号 条形码 馆藏地/架位号 状态 备注
1 81511   200316087   中心书库中库/ 中库031架B面9列7层34/ [索取号:S831.4/51] 在馆    
2 81512   200316078   中心书库中库/ 中库031架B面9列7层33/ [索取号:S831.4/51] 在馆    
3 81513   200316032   中心书库中库/ 中库031架B面9列7层32/ [索取号:S831.4/51] 在馆    
4 81514   200316050   中心书库中库/ 中库031架B面9列7层31/ [索取号:S831.4/51] 在馆    
5 81515   200316069   中心书库中库/ 中库031架B面9列7层30/ [索取号:S831.4/51] 在馆    
山东省滨州职业学院图书馆 欢迎您!
大连网信软件有限公司© 版权所有